[Event "84th Annual Southwest Open"]
[Site "Irving"]
[Date "2018.09.03"]
[Round "7"]
[White "Hung, Daniel"]
[Black "Noland, Shawn W"]
[Result "1-0"]
[WhiteElo "2104"]
[BlackElo "2071"]
[Annotator "TA"]
[PlyCount "69"]
[EventDate "2018.08.31"]
[EventType "swiss"]
[EventCountry "USA"]
[SourceTitle "playchess.com"]
[Source "ChessBase"]
[SourceQuality "1"]

{[%evp 22,69,20,6,15,15,13,19,4,20,20,13,25,14,31,0,15,4,252,226,225,243,242,237,319,334,331,323,302,310,627,617,799,750,2922,2711,29971,29971,29970,29969,6403,29965,6287,6249,29986,29987,29987,29988,29988,859]} 1. e4 e6 2. d4 d5 3. e5 c5 4. c3 Nc6 5. Nf3 Qb6 6. a3 c4 7. Nbd2 Na5 8. Be2 {C02: Französische Verteidigung (Vorstoßvariante)} Ne7 9. Rb1 Bd7 10. b4 cxb3 11. Nxb3 Ba4 12. Nxa5 $1 {LiveBook: 8 Partien} Bxd1 13. Rxb6 axb6 14. Bb5+ Kd8 15. Nxb7+ Kc7 16. Kxd1 {[#] Droht Sd6 und aus.} Kxb7 17. Ng5 {[#]} Nc6 $146 18. Nxf7 Rg8 19. a4 $36 {[%mdl 2048] Droht Sg5. Weiss hat Initiative.} Nd8 $2 (19... Be7 $11 {und Schwarz muss sich keine Sorgen machen.}) 20. Nxd8+ $18 Rxd8 21. Bg5 Rc8 22. Bd7 Rxc3 23. Bxe6 Rh8 24. Bxd5+ Kc7 25. Ke2 Rc2+ $2 (25... Bb4 26. Rb1 Ba5) 26. Kd3 Rxf2 27. Rc1+ Kd7 28. Rc6 {[#] Beabsichtigt e6+ und Matt.} Be7 29. e6+ Kd8 30. Rd6+ Ke8 31. Bxe7 Kxe7 32. Rd7+ Ke8 33. Bc6 {Weiß setzt Matt.} Rf6 34. Ra7+ Kd8 35. e7+ {Precision: Weiß = 100%, Schwarz = 38%.} (35. d5 $142 Rf1 36. e7+ Kc8 37. Ra8+ Kc7 38. Rxh8 g5 39. e8=Q Rd1+ 40. Kc2) 1-0

[Event "84th Annual Southwest Open"]
[Site "Irving"]
[Date "2018.09.03"]
[Round "7"]
[White "Dejmek, Mark"]
[Black "Kumar, Naman"]
[Result "0-1"]
[WhiteElo "1998"]
[BlackElo "1914"]
[Annotator "NA RC"]
[PlyCount "114"]
[EventDate "2018.08.31"]
[EventType "swiss"]
[EventCountry "USA"]
[SourceTitle "playchess.com"]
[Source "ChessBase"]
[SourceQuality "1"]
[TimeControl "5400+30"]

1. e4 {[%emt 0:00:00]} c5 {[%emt 0:00:00]} 2. Nf3 {[%emt 0:00:00]} e6 {[%emt 0:00:00]} 3. Nc3 {[%emt 0:00:06]} a6 {[%emt 0:00:00]} 4. g3 {[%emt 0:00:15]} b5 {[%emt 0:00:54]} 5. d4 {[%emt 0:00:15]} cxd4 {[%emt 0:00:28]} 6. Nxd4 {[%emt 0:00:07]} Bb7 {[%emt 0:00:16]} 7. Bg2 {[%emt 0:00:14]} Qc7 {[%emt 0:00:58]} 8. O-O {[%emt 0:00:42]} d6 {[%emt 0:00:36]} 9. Re1 {[%emt 0:01:10]} Nd7 {[%emt 0:01:39]} 10. a4 {[%emt 0:01:28]} b4 {[%emt 0:00:13]} 11. Na2 {[%emt 0:00:16]} a5 {[%emt 0:13:06]} 12. c3 {[%emt 0:00:31]} bxc3 {[%emt 0:00:27]} 13. Nxc3 {[%emt 0:00:13]} Ngf6 {[%emt 0:00:32]} 14. Be3 {[%emt 0:08:44]} Be7 {[%emt 0:01:17]} 15. Rc1 {[%emt 0:00:16]} Qb8 {[%emt 0:00:51]} 16. f4 {[%emt 0:13:55]} O-O {[%emt 0:03:53]} 17. Bf2 {[%emt 0:07:55]} Rc8 {[%emt 0:15:41]} 18. Ndb5 {[%emt 0:07:28]} Bf8 {[%emt 0:04:16]} 19. g4 {[%emt 0:08:07]} g6 {[%emt 0:10:34]} 20. g5 {[%emt 0:06:54]} Nh5 {[%emt 0:00:44]} 21. Qg4 {[%emt 0:01:01]} Nc5 {[%emt 0:02:20]} 22. Rcd1 {[%emt 0:05:07]} e5 {[%emt 0:05:36]} 23. f5 {[%emt 0:06:34]} Nf4 {[%emt 0:01:04]} 24. Bf1 {[%emt 0:00:17]} Bc6 {[%emt 0:04:06]} 25. Bxc5 {[%emt 0:12:00]} dxc5 {[%emt 0:00:47]} 26. Bc4 {[%emt 0:00:46]} Rd8 {[%emt 0:02:58]} 27. Rxd8 {[%emt 0:04:03]} Qxd8 {[%emt 0:00:07]} 28. Rd1 {[%emt 0:00:07]} Qc8 {[%emt 0:06:07]} 29. Nd5 {[%emt 0:01:24]} Bxd5 {[%emt 0:02:02]} 30. Bxd5 {[%emt 0:00:42]} c4 {[%emt 0:04:15]} 31. Bxa8 {[%emt 0:02:51]} Qxa8 {[%emt 0:00:53]} 32. Nc3 {[%emt 0:01:30]} Qa7+ {[%emt 0:01:25]} 33. Kf1 {[%emt 0:00:25]} gxf5 {[%emt 0:01:11]} 34. Qxf5 {[%emt 0:00:52]} Qe3 {[%emt 0:00:24]} 35. Qg4 {[%emt 0:01:57]} Bc5 {[%emt 0:04:35]} 36. Qg3 {[%emt 0:01:09]} Qxg3 {[%emt 0:03:02]} 37. hxg3 {[%emt 0:00:00]} Nd3 {[%emt 0:00:11]} 38. b3 {[%emt 0:00:31]} Bd4 {[%emt 0:00:51]} 39. Nb5 {[%emt 0:04:36]} Nb2 {[%emt 0:00:52]} 40. Rc1 {[%emt 0:01:08]} cxb3 {[%emt 0:00:11]} 41. Nxd4 {[%emt 0:00:16]} exd4 {[%emt 0:00:22]} 42. Ke2 {[%emt 0:01:10]} Nxa4 {[%emt 0:00:07]} 43. Rc8+ {[%emt 0:01:47]} Kg7 {[%emt 0:00:48]} 44. Kd3 {[%emt 0:00:31]} Nc3 {[%emt 0:01:43]} 45. Rb8 {[%emt 0:00:28]} a4 {[%emt 0:00:36]} 46. Kxd4 {[%emt 0:00:13]} Nd1 {[%emt 0:02:28]} 47. Kd3 {[%emt 0:01:19]} b2 {[%emt 0:01:07]} 48. Kc2 {[%emt 0:01:03]} a3 {[%emt 0:00:18]} 49. Kxd1 {[%emt 0:01:18]} a2 {[%emt 0:00:05]} 50. Rxb2 {[%emt 0:00:05]} a1=Q+ {[%emt 0:00:09]} 51. Kc2 {[%emt 0:00:04]} Qa4+ {[%emt 0:00:09]} 52. Kc1 {[%emt 0:00:38]} Qxe4 {[%emt 0:00:00]} 53. Rb3 {[%emt 0:00:35]} Qd5 {[%emt 0:00:00]} 54. Re3 {[%emt 0:00:44]} Qxg5 {[%emt 0:00:00]} 55. Kd2 {[%emt 0:00:06]} Qd5+ {[%emt 0:00:00]} 56. Ke2 {[%emt 0:00:14]} Qg2+ {[%emt 0:00:00]} 57. Ke1 {[%emt 0:00:26]} Kg6 {[%emt 0:00:00]} 0-1

[Event "84th Annual Southwest Open"]
[Site "Irving"]
[Date "2018.09.03"]
[Round "7"]
[White "Free, Graham"]
[Black "Kumar, Nikhil"]
[Result "0-1"]
[WhiteElo "1926"]
[BlackElo "2268"]
[Annotator "TA"]
[PlyCount "96"]
[EventDate "2018.08.31"]
[EventType "swiss"]
[EventCountry "USA"]
[SourceTitle "playchess.com"]
[Source "ChessBase"]
[SourceQuality "1"]

{[%evp 12,96,-6,-7,27,-12,-3,-12,36,23,36,35,39,31,37,18,16,4,9,30,46,41,45,45,45,40,48,48,52,47,49,40,41,40,38,40,45,44,46,-54,-52,-50,-53,-54,-53,-57,-56,-58,-46,-111,-97,-128,-132,-124,-94,-86,-60,-58,-70,-106,-104,-103,-104,-111,-106,-94,-98,-229,-227,-4982,-1935,-29988,-29989,-29990,-29991,-29991,-29992,-29992,-29993,-29993,-5261,-1837,-1729,-1727,-802,-29981,-29982]} 1. d4 Nf6 2. Nc3 d5 3. Bf4 e6 4. Nb5 Na6 5. a3 (5. e3 c6 6. Nc3 Nc7 7. Nf3 Bd6 8. Ne5 O-O 9. Qf3 Bb4 10. Bd3 Nb5 11. O-O Nxc3 12. bxc3 Bxc3 {0-1 (33) Jobava,B (2690)-Anand,V (2782) Riadh 2017}) 5... c6 6. Nc3 {D00: 1 d4 d5: Unusual lines} Bd6 7. e3 {LiveBook: 8 Games} Nb8 8. Bd3 $146 {White has an edge.} ({Predecessor (4):} 8. Nf3 O-O 9. Bd3 Bxf4 10. exf4 c5 11. dxc5 Qc7 {0-1 (88) Rodi,L (2318)-Teixeira,R (2205) Rio de Janeiro 2017}) 8... Bxf4 9. exf4 Qb6 10. Nf3 Nbd7 11. O-O O-O 12. Re1 c5 13. Na4 Qc7 14. Nxc5 Nxc5 15. dxc5 Qxc5 16. Qe2 Bd7 17. c3 Rfe8 18. Rad1 Rad8 19. Nd4 Bc6 20. Qe5 Nd7 {[%cal Bf6d7,Bd7c5,Bc5d3][%mdl 32]} 21. Qh5 g6 22. Qh4 Qe7 23. Qg3 Qf6 24. Re2 Nc5 25. Rde1 (25. Bc2 $14) 25... Nxd3 $15 26. Qxd3 Qxf4 27. g3 Qd6 28. f4 Re7 29. Re3 Rde8 30. Qe2 (30. Nf3 $1 $15) 30... Bd7 31. h4 f6 32. Nf3 Qc5 33. Kh2 e5 34. fxe5 Bg4 {[#] Hoping for ...Rxe5!} 35. Qd2 Bxf3 $1 36. Rxf3 Rxe5 37. Rxe5 fxe5 $17 {[%mdl 4096] Endgame KQR-KQR} 38. h5 e4 39. Rf6 (39. Rf1 $17 {was necessary.}) 39... e3 $19 40. Qd3 $2 {[#]} (40. Qe2 Qe7 41. Rf1) 40... e2 41. Rxg6+ Kh8 ({Stronger than} 41... hxg6 42. Qxg6+ Kf8 43. Qf6+ Kg8 44. Qg6+ Kf8 45. Qf6+ Kg8 46. Qg6+ $11) 42. Qf3 Qe7 43. Rf6 e1=Q 44. Rf7 Q7e2+ 45. Kh3 Qh1+ (45... Qxf3 $142 46. Rxf3 Qh1+ 47. Kg4 Qd1 48. b3 Re4+ 49. Kg5 Qxf3 50. h6 Qxg3+ 51. Kh5 Qh4#) 46. Qxh1 Qxh5+ 47. Kg2 Re2+ (47... Qxf7 $142 48. Qd1 Qe6) 48. Rf2 Rxf2+ {Precision: White = 41%, Black = 63%.} 0-1

[Event "84th Annual Southwest Open"]
[Site "Irving"]
[Date "2018.09.03"]
[Round "8"]
[White "Kovalyov, Anton"]
[Black "Hilby, Craig"]
[Result "0-1"]
[WhiteElo "2644"]
[BlackElo "2420"]
[Annotator "TA"]
[PlyCount "59"]
[EventDate "2018.08.31"]
[EventType "swiss"]
[EventCountry "USA"]
[SourceTitle "playchess.com"]
[Source "ChessBase"]
[SourceQuality "1"]

{[%evp 19,59,9,35,33,88,102,89,22,11,7,26,19,20,32,14,19,29,2,28,0,12,-10,-10,-16,-16,-51,-18,-22,-21,-14,-67,-154,-153,-434,-441,-435,-442,-635,-645,-1008,-1001,-2378]} 1. c4 Nf6 2. Nf3 g6 3. Nc3 d5 4. cxd5 Nxd5 5. Qb3 Nb6 6. d4 Bg7 7. Bf4 {D90: Grünfeldindisch (Flohr-Variante)} Be6 8. Qa3 c5 9. Qxc5 Nc6 10. e4 Rc8 {[%cal Rc6d4] LiveBook: 4 Partien} 11. Qa3 {d5 ist eine echte Drohung.} Nxd4 {[#]} 12. O-O-O $1 {Und Sxd4 würde nun gewinnen.} O-O {[#]} 13. e5 (13. Be3 $1 $16 {[%cal Rf3d4]} Nc4 14. Bxc4 Rxc4 15. Kb1) 13... Nc4 $11 14. Qxa7 {[#]} Qc7 $146 ({Vorgänger:} 14... Nb5 15. Rxd8 Nxa7 16. Rxc8 Rxc8 {1-0 (49) Wang,H (2711)-Mikhalevski,V (2538) Caleta 2018}) 15. Rxd4 Ra8 $1 {[%cal Ra8a7]} 16. Rxc4 $1 (16. Nb5 $2 Qc6 $19) 16... Bxc4 17. Qe3 {Droht Kb1 und aus.} Bxa2 18. Kc2 Rfc8 19. Nd4 Qa5 20. Bd3 Qa4+ 21. Kc1 $1 ({Viel schwächer wäre} 21. Kd2 Qb4 $17) 21... Qb4 $36 {[%mdl 2048] Und weiter mit ...Txc3+ wäre nett. Schwarz hat gut koordiniertes Spiel.} 22. Be4 Bd5 23. Bxd5 Ra1+ 24. Kc2 Rxh1 25. Bg3 ({Besser ist} 25. g3 $15 Rg1 26. b3) 25... Qa4+ $17 26. Nb3 $2 (26. Kd3 $17 Qb4 27. Qe2) 26... Qa2 $1 $19 {[%cal Ra2b1] ( -> ...Db1+). Schwarz steht klar auf Gewinn.} 27. Nc5 Qa5 28. b4 (28. Bxf7+ $142 Kxf7 29. Nd3) 28... Qxb4 29. Nb3 e6 30. Bf3 {Precision: Weiß = 27%, Schwarz = 70%.} 0-1

[Event "84th Annual Southwest Open"]
[Site "Irving"]
[Date "2018.09.03"]
[Round "8"]
[White "Matsenko, Sergei"]
[Black "Xiong, Jeffery"]
[Result "1/2-1/2"]
[WhiteElo "2533"]
[BlackElo "2650"]
[Annotator "TA"]
[PlyCount "25"]
[EventDate "2018.08.31"]
[EventType "swiss"]
[EventCountry "USA"]
[SourceTitle "playchess.com"]
[Source "ChessBase"]
[SourceQuality "1"]

{[%evp 11,25,10,18,-3,6,10,9,7,13,1,13,7,10,8,4,13]} 1. Nf3 c5 2. c4 Nf6 3. Nc3 d5 4. cxd5 Nxd5 5. e3 Nc6 6. Bc4 {A34: Englische Eröffnung (Symmetrische Variante)} Nxc3 {LiveBook: 3 Partien. Die Stellung ist ausgeglichen.} 7. dxc3 (7. Qb3 {looks sharper.} e6 8. Qxc3 a6 9. Be2 f6 10. O-O) 7... Qc7 8. e4 e6 9. O-O Bd6 10. Qe2 $146 ({Vorgänger:} 10. Bg5 h6 11. Bh4 O-O 12. Qe2 Na5 13. e5 Nxc4 14. Qxc4 Bxe5 15. Nxe5 Qxe5 16. Be7 Re8 17. Qxc5 Qxc5 {½-½ (17) Bu,X (2710)-Svidler,P (2751) Tbilisi 2017}) 10... O-O 11. Re1 Ne5 12. Nxe5 Bxe5 13. g3 1/2-1/2

[Event "84th Annual Southwest Open"]
[Site "Irving"]
[Date "2018.09.03"]
[Round "8"]
[White "Preotu, Razvan"]
[Black "Reshef, Omer"]
[Result "1/2-1/2"]
[WhiteElo "2513"]
[BlackElo "2497"]
[Annotator "TA"]
[PlyCount "51"]
[EventDate "2018.08.31"]
[EventType "swiss"]
[EventCountry "USA"]
[SourceTitle "playchess.com"]
[Source "ChessBase"]
[SourceQuality "1"]

{[%evp 9,51,20,22,-18,-24,-67,-3,0,13,10,25,37,48,0,0,0,0,0,-2,-86,0,0,0,0,0,0,0,0,0,0,0,0,0,0,16,18,20,20,34,0,13,0,20,0]} 1. e4 e5 2. Bc4 Nf6 3. d3 Nc6 4. a3 d5 5. exd5 Nxd5 {LiveBook: 6 Games} 6. Nc3 {C24: Bishop's Opening: 2...Nf6} (6. Nf3 Nb6 7. Ba2 Bg4 8. h3 Bh5 9. Nc3 Qd7 10. Nxe5 Qf5 11. Ng4 O-O-O 12. Ne4 {0-1 (39) Fedorchuk,S (2626)-Kovalenko,I (2644) Drancy 2016}) 6... Be6 {With the idea ...Nxc3.} 7. Ne4 Be7 ({Black should play} 7... f5 $15 8. Ng5 Bg8) 8. Nf3 $146 ({Predecessor:} 8. Ne2 Qd7 9. O-O f5 10. Ng5 Bxg5 11. Bxg5 h6 12. Bd2 {1-0 (41) Jankowski,A-Quander,K Troy 1993}) 8... O-O 9. O-O h6 10. b4 f5 11. Nc5 Bxc5 $1 12. bxc5 Qf6 13. Bb2 Nf4 {White should prevent ...Bxc4.} 14. Bb5 (14. Nxe5 $11 {remains equal.} Nxe5 15. Re1 Nh3+ 16. Kf1 Bxc4 17. Bxe5) 14... Nd4 (14... Qg6 $17 {[%csl Gf4][%cal Rg6g2]} 15. g3 Bd5) 15. Nxd4 exd4 16. Qf3 g5 17. Bc1 {[%cal Bb2c1,Bc1d2,Bd2a5,Ba5c7][%mdl 32]} Nd5 {[#] Hoping for ...g4.} 18. Re1 c6 19. Bc4 Rae8 20. Bd2 Nc7 21. Ba5 Bxc4 22. Bxc7 Bd5 23. Qh5 Bf7 24. Qf3 Bd5 25. Qh5 Bf7 26. Qf3 {Precision: White = 60%, Black = 56%.} 1/2-1/2

[Event "84th Annual Southwest Open"]
[Site "Irving"]
[Date "2018.09.03"]
[Round "8"]
[White "Raznikov, Danny"]
[Black "Nguyen, Emily"]
[Result "1/2-1/2"]
[WhiteElo "2498"]
[BlackElo "2194"]
[Annotator "TA"]
[PlyCount "46"]
[EventDate "2018.08.31"]
[EventType "swiss"]
[EventCountry "USA"]
[SourceTitle "playchess.com"]
[Source "ChessBase"]
[SourceQuality "1"]

{[%evp 19,46,12,6,18,15,20,37,30,58,37,58,49,90,83,102,90,90,35,46,33,43,43,48,26,47,20,30,0,0]} 1. d4 d5 2. c4 c6 3. Nf3 Nf6 4. e3 Bg4 5. h3 Bxf3 6. Qxf3 e6 7. Nc3 Bb4 8. Bd3 Nbd7 9. cxd5 {D11: Damengambit (Slawische Verteidigung)} (9. O-O O-O 10. Qd1 Re8 11. Bd2 dxc4 12. Bxc4 Qe7 13. a3 Bd6 14. Qc2 Rad8 15. Rfd1 h5 16. b4 h4 {0-1 (35) So,W (2815)-Carlsen,M (2832) chess.com INT 2017}) 9... exd5 10. O-O O-O {LiveBook: 7 Partien} 11. a3 Bd6 12. g4 $146 ({Vorgänger:} 12. e4 dxe4 13. Nxe4 Nxe4 14. Qxe4 Nf6 15. Qh4 h6 16. Re1 Re8 {1-0 (54) Buhmann,R (2525)-Grabarczyk,M (2506) Griesheim 2003}) 12... h6 13. h4 {[%cal Bh3h4,Bh4g5][%mdl 32]} Re8 14. g5 hxg5 15. hxg5 Nh7 16. Bxh7+ $1 Kxh7 17. e4 dxe4 18. Nxe4 (18. Qxf7 $16 {Droht Matt per Kg2.} Re7 19. Qf5+ Kg8 20. Nxe4) 18... Re6 $1 $14 19. Kg2 Kg8 20. Rh1 Nf8 $1 21. Bd2 Ng6 22. Rae1 {[#] Droht Dh3 und aus.} Bc7 $1 23. Qh5 {Droht stark Dh7+.} (23. Nf6+ $5 gxf6 24. Rxe6 fxe6 25. Qh5 $16) 23... Qd5 {Precision: Weiß = 78%, Schwarz = 64%.} 1/2-1/2

[Event "84th Annual Southwest Open"]
[Site "Irving"]
[Date "2018.09.03"]
[Round "8"]
[White "Popilski, Gil"]
[Black "Javakhadze, Zurab"]
[Result "1/2-1/2"]
[WhiteElo "2491"]
[BlackElo "2438"]
[Annotator "TA"]
[PlyCount "43"]
[EventDate "2018.08.31"]
[EventType "swiss"]
[EventCountry "USA"]
[SourceTitle "playchess.com"]
[Source "ChessBase"]
[SourceQuality "1"]

{[%evp 9,43,25,42,0,8,-27,0,0,0,0,0,-1,-4,-1,-12,-19,12,0,0,-5,-7,-10,-1,-3,-6,-17,-12,-21,45,18,41,-42,-20,-17,-19,-846]} 1. b3 a5 2. a3 (2. Bb2 a4 3. e3 e6 4. Nf3 Nf6 5. Be2 Be7 6. O-O O-O 7. d4 b6 8. c4 a3 9. Bc1 Bb7 {0-1 (40) Jobava,B (2714)-Tabatabaei,M (2509) Bandar e Anzali 2017}) 2... b6 3. e4 $146 ({Predecessor:} 3. Bb2 Bb7 4. e3 e6 5. c4 f5 6. f4 Nf6 7. Nf3 g6 8. g3 Bg7 9. Bg2 Qe7 {0-1 (39) Bergstrom,R (2275)-Karlsson,L (2426) Stockholm 2014}) 3... Bb7 4. Nc3 e5 5. Nf3 d6 6. Be2 {A01: Nimzowitsch-Larsen Opening} Nf6 7. d3 Be7 8. O-O O-O 9. Re1 Nbd7 10. Bf1 Re8 11. Bb2 Bf8 12. g3 Nc5 13. Bg2 g6 14. Nd2 Bg7 15. Nc4 Ne6 16. Nd5 b5 17. Nxf6+ Qxf6 18. Ne3 c5 ({Better is} 18... Qd8 $11) 19. a4 (19. f4 $5) 19... b4 20. Qf3 (20. f4 $1 $14) 20... Qxf3 21. Bxf3 Nd4 22. Bc1 $2 {[%mdl 40960] Precision: White = 41%, Black = 40%. . An unexpected result.} (22. Bg2 $11) 1/2-1/2

[Event "84th Annual Southwest Open"]
[Site "Irving"]
[Date "2018.09.03"]
[Round "8"]
[White "Drozdowski, Kacper"]
[Black "Nakar, Eylon"]
[Result "1/2-1/2"]
[WhiteElo "2489"]
[BlackElo "2461"]
[Annotator "TA"]
[PlyCount "41"]
[EventDate "2018.08.31"]
[EventType "swiss"]
[EventCountry "USA"]
[SourceTitle "playchess.com"]
[Source "ChessBase"]
[SourceQuality "1"]

{[%evp 19,41,30,28,18,16,14,20,15,14,8,26,-16,-9,-19,0,-20,0,0,6,11,11,9,16,-32]} 1. b3 Nf6 2. Bb2 g6 3. g3 Bg7 4. Bg2 c5 5. c4 O-O 6. Nc3 Nc6 7. Nf3 d6 8. O-O Bd7 9. d4 cxd4 10. Nxd4 Rc8 {LiveBook: 46 Games} 11. Nxc6 {E60: King's Indian: Unusual lines and Fianchetto Variation without Nc3} (11. Qd2 a6 12. Rac1 Nxd4 13. Qxd4 Bc6 14. Nd5 Bxd5 15. Bxd5 Rc7 16. Rfd1 Qb8 17. Bf3 Rfc8 18. Qe3 Ne8 19. Bxg7 Nxg7 {0-1 (39) Demuth,A (2545)-Adhiban,B (2674) Berlin 2015}) 11... Bxc6 12. Qd2 Bxg2 13. Kxg2 a6 $146 ({Predecessor:} 13... Qd7 14. f3 Rc5 15. e4 a6 16. Nd5 Nxd5 17. cxd5 Rfc8 18. Rf2 Bxb2 19. Qxb2 {½-½ (26) Schrancz,I (2267)-Hever,M (2250) Hungary 2000}) 14. Rab1 Qd7 15. Nd5 Nxd5 {The position is equal.} 16. Bxg7 Kxg7 17. Qxd5 Qc6 18. Rfd1 Qxd5+ 19. Rxd5 Rc6 20. Kf3 Rfc8 21. Ke4 1/2-1/2

[Event "84th Annual Southwest Open"]
[Site "Irving"]
[Date "2018.09.03"]
[Round "8"]
[White "Checa, Nicolas"]
[Black "Baryshpolets, Andrey"]
[Result "1-0"]
[WhiteElo "2478"]
[BlackElo "2609"]
[Annotator "TA"]
[PlyCount "115"]
[EventDate "2018.08.31"]
[EventType "swiss"]
[EventCountry "USA"]
[SourceTitle "playchess.com"]
[Source "ChessBase"]
[SourceQuality "1"]

{[%evp 18,115,45,43,48,17,31,17,19,23,28,10,40,9,2,0,0,0,0,-27,9,-33,-27,-40,0,-19,-25,-29,-29,-25,-35,-25,26,20,117,118,144,137,364,372,372,370,359,366,335,368,329,345,575,129,133,133,122,123,130,134,218,210,216,210,214,225,283,276,298,277,350,343,400,389,385,343,343,302,6532,6532,6211,5631,9689,10296,5093,2156,29977,29978,29978,29979,29979,29980,29980,29981,29981,29982,29982,29983,29983,29984,29984,29985,29985,29986]} 1. d4 d5 2. c4 e6 3. Nf3 Nf6 4. Nc3 c6 5. Bg5 h6 6. Bxf6 Qxf6 7. e3 Nd7 8. Be2 g6 {D43: Semi-Slav: 5 Bg5 h6} 9. O-O dxc4 10. Ne4 {LiveBook: 5 Games} Qg7 $146 {White is slightly better.} ({Predecessor:} 10... Qe7 11. Ne5 Bg7 12. f4 Nb6 13. Qe1 O-O 14. h4 h5 15. Rf3 Bd7 16. Rc1 {½-½ (41) Dubov,D (2654)-Karjakin,S (2753) Chita 2015}) 11. Bxc4 Be7 12. Rc1 O-O 13. Bb3 Kh8 14. Ned2 e5 15. Nc4 {[%cal Rf3e5]} e4 16. Nfd2 f5 17. f3 c5 18. fxe4 cxd4 19. exd4 Qxd4+ 20. Kh1 fxe4 (20... Nc5 $5 {[%cal Rf5e4]} 21. e5 Be6 $15) 21. Qg4 Bg5 {Hoping for ...b5.} 22. Rcd1 Nf6 23. Qg3 {aiming for h4.} e3 {Strongly threatening ...e2.} 24. Nf3 Qc5 (24... Qf4 $142 $1 25. Qxf4 (25. Nxg5 $2 Qxg3 26. hxg3 e2 $19) 25... Bxf4) 25. Nxg5 $11 e2 (25... Qxg5 $11 {remains equal.} 26. Qxe3 Qxe3 27. Nxe3 Bd7) 26. Ne5 $16 {Threatening mate with Ngf7+.} exd1=Q 27. Rxd1 (27. Ngf7+ Rxf7 $1 {[%mdl 512]} 28. Bxd1 (28. Nxf7+ Kg7 $19) 28... Rg7 $17) 27... Bg4 $2 (27... Bf5 $16 28. Ne6 Bxe6 29. Nxg6+ (29. Bxe6 g5 $11) 29... Kh7 30. Nxf8+ (30. Bxe6 $2 Rg8 $17) 30... Rxf8 31. Bxe6 Kh8) 28. Nxg6+ $18 Kg7 29. Ne6+ (29. Nxf8 hxg5 30. Qxg4 (30. Ne6+ Bxe6 31. Bxe6 Ne4 $11) 30... Nxg4 $18) 29... Bxe6 30. Nxf8+ (30. Bxe6 Nh5 $16) 30... Kxf8 31. Bxe6 Re8 {[#]} 32. Bb3 $1 Qe3 $2 {[#]} (32... Qf5 {was worth a try.} 33. h3 a5) 33. Qxe3 $2 (33. Rf1 $1 $18 {[%cal Rf1f6]} Qxg3 34. Rxf6+ (34. hxg3 Kg7 $14) 34... Ke7 35. Rf7+ (35. hxg3 $2 Kxf6 36. Bc4 Re5 $19) 35... Kd8 36. hxg3) 33... Rxe3 {[%mdl 4096] Endgame KRB-KRN} 34. h3 Ke7 35. Kg1 Re2 36. Rc1 Rxb2 (36... Kd6 $16) 37. Rc7+ Kd6 38. Rxb7 a5 39. Ra7 Ke5 40. Rxa5+ Kf4 41. Ra6 Ne4 42. Rxh6 Rb1+ 43. Kh2 Nd2 {( -> ...Nf1+)} 44. Rf6+ Kg5 45. Rf7 ({But not} 45. Rb6 Nf1+ 46. Kg1 Nd2+ 47. Kf2 Rb2 $18) 45... Kg6 $2 (45... Nf1+ 46. Kg1 Nd2+ 47. Kf2 Nxb3) 46. Bc2+ ({Less strong is} 46. Be6 Nf1+ 47. Rxf1 (47. Kg1 Nd2+ 48. Kh2 Nf1+ 49. Rxf1 Rxf1 $14) 47... Rxf1 $14) 46... Kxf7 47. Bxb1 Nxb1 {KN-K3P} 48. a4 Ke6 49. a5 (49. g4 $142 Nc3 50. a5) 49... Kd6 50. a6 {White mates.} Kc6 51. h4 {[%cal Bh3h4,Bh4h5,Bh5h6][%mdl 32]} Nc3 52. h5 Ne4 53. h6 Nf6 54. Kh3 Kb6 55. g4 {[%cal Bg2g4,Bg4g5][%mdl 32]} Nh7 56. Kh4 Kxa6 57. g5 Nf8 58. Kh5 {Precision: White = 74%, Black = 32%.} 1-0